Catalog

Record Details

Catalog Search



 Osobnostní rozvoj dítěte v pedagogice Marie Montessori : Porovnání dovedností praktického života v běžné mateřské škole a mateřské škole Montessori : závěrečná práce  Cover Image Book Book

Osobnostní rozvoj dítěte v pedagogice Marie Montessori : Porovnání dovedností praktického života v běžné mateřské škole a mateřské škole Montessori : závěrečná práce / autor ; vedoucí práce

Křížová , Markéta (Author). Montessori ČR (Added Author).

Record details

  • Physical Description: 56 stran : 31 cm

Content descriptions

Dissertation Note:
Závěrečná práce - Montessori ČR, 2008
Bibliography, etc. Note:
Obsahuje bibliografii
Genre: závěrečné práce

Available copies

  • 1 of 1 copy available at Common Catalog SPOK.

Holds

  • 0 current holds with 1 total copy.
Show All Copies
Location Call Number / Copy Notes Barcode Shelving Location Status Due Date
Montessori Library ZP0216 4614610216 Chodba Available -

LDR ntm a22 i 4500
00147052
003CZ-PrJAB
00520200818133733.0
007ta
008 s2008 xr e 000 0 cze
040 . ‡aABG323 ‡bcze ‡erda
0410 . ‡acze
1001 . ‡aKřížová , Markéta ‡4aut
24510. ‡a Osobnostní rozvoj dítěte v pedagogice Marie Montessori : ‡bPorovnání dovedností praktického života v běžné mateřské škole a mateřské škole Montessori : závěrečná práce / ‡c autor ; vedoucí práce
264 0. ‡c2008
300 . ‡a56 stran : ‡c31 cm
336 . ‡atext ‡btxt ‡2rdacontent
337 . ‡abez média ‡bn ‡2rdamedia
338 . ‡asvazek ‡bnc ‡2rdacarrier
502 . ‡aZávěrečná práce - Montessori ČR, 2008 
504 . ‡aObsahuje bibliografii
6530 . ‡apředškolní vzdělávání ‡aMarie Montessori ‡aosobnost dítěte ‡aosobnost učitele ‡apřipravenost prostředí  ‡aMŠ Beroun
655 7. ‡azávěrečné práce ‡7fd186753 ‡2czenas
7102 . ‡aMontessori ČR
85641. ‡yPlný text ‡zPlný text je dostupný pouze členům Montessori ČR
910 . ‡aABG323
901 . ‡a47052 ‡b ‡c47052 ‡tbiblio

Additional Resources